5HLuxD.jpg

KING HENRY VIII SENIOR AND PRIMARY SCHOOL LIBRARY OPAC

The very funny frog (Record no. 4030)

000 -LEADER
fixed length control field 00544nam a22001937a 4500
005 - DATE AND TIME OF LATEST TRANSACTION
control field 20250106154644.0
008 - FIXED-LENGTH DATA ELEMENTS--GENERAL INFORMATION
fixed length control field 250106b ||||| |||| 00| 0 eng d
020 ## - INTERNATIONAL STANDARD BOOK NUMBER
International Standard Book Number 978-1-4351-1123-3
040 ## - CATALOGING SOURCE
Transcribing agency KH8
082 ## - DEWEY DECIMAL CLASSIFICATION NUMBER
Classification number PZ8.T446 V
100 ## - MAIN ENTRY--PERSONAL NAME
Personal name Tickle,Jack
Relator term Author
245 ## - TITLE STATEMENT
Title The very funny frog
Statement of responsibility, etc. Jack Tickle
260 ## - PUBLICATION, DISTRIBUTION, ETC.
Place of publication, distribution, etc. New York
Name of publisher, distributor, etc. Sandy Creek
Date of publication, distribution, etc. 2010
300 ## - PHYSICAL DESCRIPTION
Extent 14 pages
Other physical details Colour illustration
Dimensions 25cm
650 ## - SUBJECT ADDED ENTRY--TOPICAL TERM
Topical term or geographic name entry element BG-Juvenile (The very funny frog)
650 ## - SUBJECT ADDED ENTRY--TOPICAL TERM
Topical term or geographic name entry element The very funny frog
700 ## - ADDED ENTRY--PERSONAL NAME
Personal name Tickle,Jack
Relator term Author
942 ## - ADDED ENTRY ELEMENTS (KOHA)
Source of classification or shelving scheme
Koha item type Books - Fiction

No items available.

Powered By KH8 IT Dept